Ecología y medio ambiente /
Guardado en:
| Autor Principal: | |
|---|---|
| Otros Autores: | , |
| Formato: | Libro |
| Publicado: |
México :
Thomson
|
| Materias: | |
| Etiquetas: |
Agregar Etiqueta
Sin Etiquetas, Sea el primero en etiquetar este registro!
|
| LEADER | 00862nam a22002415a 4500 | ||
|---|---|---|---|
| 001 | CEM.cems012768 | ||
| 005 | 20071204182836.0 | ||
| 008 | 130507b######################000#0#####d | ||
| 003 | CEMS | ||
| 020 | |a 9706865357 | ||
| 082 | 0 | 4 | |a 574.5 |
| 100 | 1 | |a Flores, Raúl Calixto | |
| 245 | 1 | 0 | |a Ecología y medio ambiente / |c Raúl Calixto Flores, Lucila Herrera Reyes, Verónica Daniela Hernández Guzmán |
| 260 | |a México : |b Thomson | ||
| 300 | |a 169 p. | ||
| 505 | 0 | |a La ecología como ciencia Medio ambiente, poblaciones y comunidades -- Dinámica de los ecosistemas -- Ecodesarollo y salud ambiental | |
| 653 | |a Biología | ||
| 653 | |a Biología-polimodal | ||
| 653 | |a Ecología | ||
| 653 | |a Medio ambiente | ||
| 700 | 1 | |a Herrera Reyes, Lucila | |
| 700 | 1 | |a Hernández Guzmán, Verónica Daniela | |
| 859 | |a CEMS |b BIB. CEMS - 11 de abril |h 574.5 |i F663 |p 25015.07 |t Ej.1 | ||
